| 000 | 01208nam a22002657a 4500 | ||
|---|---|---|---|
| 003 | 3228 | ||
| 005 | 20250923155100.0 | ||
| 008 | 241024b sa ||||| |||| 00| 0 eng d | ||
| 020 | _a9780716678359 | ||
| 040 |
_a3228 _crda |
||
| 041 | _2E | ||
| 082 | _aJ 591.39 BREN | ||
| 100 | _aBrennan, Shawn | ||
| 245 | _aAnimal babies/ | ||
| 260 |
_aChicago, IL : _bWorld Book, Inc., _c[2014]. |
||
| 300 |
_a32 pages : _bcolor illustrations ; _c30cm. |
||
| 490 | _aWorld Book learning ladders | ||
| 504 | _aIncludes bibliographical references (page 31) and index. | ||
| 505 | _aBear -- Opossum -- Frog -- Fish -- Insect -- Babes in the woods -- Kangaroo -- Bird -- Platypus -- Lizard -- Babes in the outback -- Did you know? -- Puzzles -- True or false -- Find out more -- Answers and index. | ||
| 521 | _achildren | ||
| 650 |
_aAnimals—Infancy Picture books Literature Instructional and educational works Juvenile works _9190123 |
||
| 655 |
_a picture books. Picture books Literature Instructional and educational works Juvenile works Instructional and educational works. Picture books. Literature. _9190124 |
||
| 942 |
_w169 _xBoniswa Ngcongolo _y174 _zSanet Schoeman |
||
| 942 |
_2ddc _cBOOK |
||
| 999 |
_c769360 _d769359 |
||